Score 0/18 Timer 03:00
0 Plays Today
Clue 4-Letter Word % Correct
Fasting time period before EasterLENT
95.7%
Piece of a chainLINK
95.5%
Small car; maxi's oppositeMINI
94.5%
Dryer byproductLINT
94.4%
Animal famed for its furMINK
93.9%
Blow off steamVENT
90.2%
66th US Secretary of State CondoleezzaRICE
89.1%
Gripping toolVICE
84.1%
Sacred ceremonyRITE
82.5%
Clue 4-Letter Word % Correct
Calf-length skirtMIDI
81.3%
Julius Caesar: '____, [rung 9], [rung 10]'πŸ‘‘ VENI πŸ‘‘
76.2%
Julius Caesar: '[rung 1], [rung 9], ____'πŸ‘‘ VICI πŸ‘‘
75.3%
Julius Caesar: '[rung 1], ____, [rung 10]'πŸ‘‘ VIDI πŸ‘‘
74.1%
Big cheese in GreeceFETA
69.3%
Charity partyFÊTE
54.7%
Network of blood vessels or nervesRETE
51.3%
Sixth letter of the Greek alphabetZETA
41.9%
Quote's origin: letter about the 'Battle of ____'πŸ“œ ZELA πŸ“œ
14.2%

Today's Daily Dose

Remove Ads.
Support Sporcle.
Get the best of Sporcle when you Go Orange. This ad-free experience offers more features, more stats, and more fun while also helping to support Sporcle. Thank you for becoming a member.

You're not logged in!

Compare scores with friends on all Sporcle quizzes.
OR
Log In

Show Comments

Extras

Top Quizzes Today


Score Distribution

Your Account Isn't Verified!

In order to create a playlist on Sporcle, you need to verify the email address you used during registration. Go to your Sporcle Settings to finish the process.

Report this User

Report this user for behavior that violates our Community Guidelines.

Details: